Loading...
| Literature - American | 0 | 10 | 1 | 0 | 95 | 59 | 90.60 | 1 | 9 | 0.00 | 0.00 |
| Literature - World | 0 | 8 | 0 | 0 | 80 | 28 | 94.25 | 1 | 5 | 0.00 | 0.00 |
| Literature - British | 0 | 8 | 1 | 1 | 75 | 36 | 82.13 | 2 | 8 | 0.00 | 0.00 |
| Literature - European | 0 | 6 | 2 | 0 | 50 | 75 | 91.17 | 2 | 6 | 0.00 | 0.00 |
| Fine Arts - Other | 0 | 3 | 1 | 1 | 25 | 46 | 90.33 | 1 | 1 | 0.00 | 0.00 |
| Fine Arts - Classical Music | 0 | 2 | 0 | 0 | 20 | 71 | 101.00 | 0 | 1 | 0.00 | 0.00 |
| Fine Arts - Painting and Sculpture | 0 | 3 | 2 | 0 | 20 | 69 | 98.00 | 1 | 3 | 0.00 | 0.00 |
| History - European | 0 | 2 | 0 | 0 | 20 | 134 | 134.50 | 0 | 0 | 0.00 | 0.00 |
| Mythology | 0 | 2 | 0 | 0 | 20 | 123 | 129.00 | 0 | 0 | 0.00 | 0.00 |
| Pop Culture | 0 | 2 | 0 | 0 | 20 | 53 | 60.50 | 0 | 1 | 0.00 | 0.00 |
| Geography | 0 | 1 | 0 | 0 | 10 | 80 | 80.00 | 0 | 0 | 0.00 | 0.00 |
| Philosophy | 0 | 1 | 0 | 0 | 10 | 61 | 61.00 | 1 | 1 | 0.00 | 0.00 |
| History - American | 0 | 1 | 0 | 0 | 10 | 77 | 77.00 | 1 | 1 | 0.00 | 0.00 |
| Social Science | 0 | 1 | 1 | 1 | 5 | 126 | 126.00 | 0 | 0 | 0.00 | 0.00 |
| Science - Other | 0 | 0 | 0 | 0 | 0 | 0.00 | 0 | 0 | 0.00 | 0.00 | |
| History - World | 0 | 0 | 1 | 0 | -5 | 0.00 | 0 | 0 | 0.00 | 0.00 |